La Belgique devant une guerre franco-allemande / (Record no. 120489)

MARC details
000 -LEADER
campo de control de longitud fija 00430nam a2200145 4500
001 - NÚMERO DE CONTROL
campo de control 120489
003 - IDENTIFICADOR DE NÚMERO DE CONTROL
campo de control ES-MaACL
007 - CAMPO FIJO DE DESCRIPCIÓN FÍSICA--INFORMACIÓN GENERAL
campo de control de longitud fija t|
008 - DATOS DE LONGITUD FIJA--INFORMACIÓN GENERAL
campo de control de longitud fija 070214s1909 fr r ||||1| fre d
100 1# - ENTRADA PRINCIPAL--NOMBRE DE PERSONA
Nombre de persona Poirier, Jules.
9 (RLIN) 92765
245 13 - MENCIÓN DEL TÍTULO
Título La Belgique devant une guerre franco-allemande /
Mención de responsabilidad, etc. Jules Poirier.
260 ## - PUBLICACIÓN, DISTRIBUCIÓN, ETC.
Lugar de publicación, distribución, etc. Paris :
Nombre del editor, distribuidor, etc. [s.n.],
Fecha de publicación, distribución, etc. 1913 (
Fabricante Imp. Lib. Militaire Universelle)
300 ## - DESCRIPCIÓN FÍSICA
Extensión 396 p. ;
Dimensiones 23 cm.
852 ## - LOCALIZACIÓN
Ubicación ES-MaACL
Número de control de estantería B-4428
Holdings
Estatus retirado Estado de pérdida Estado de daño No para préstamo Biblioteca de origen Biblioteca actual Ubicación en estantería Fecha de adquisición Fuente de adquisición Total de préstamos Signatura topográfica completa Código de barras Visto por última vez Precio de reemplazo Tipo de ítem Koha
        Biblioteca del Ateneo de Madrid Biblioteca del Ateneo de Madrid Sala Pardo Bazán 17/01/2008     B-4428 1125592 23/02/2023 23/02/2023 Libro impreso